| 000 | 00734nam a2200205Ia 4500 | ||
|---|---|---|---|
| 005 | 20260121110122.0 | ||
| 008 | 008 260114s9999 xx 000 0 hin d | ||
| 020 | _a9788132360711 | ||
| 037 | _aEBOOK | ||
| 040 |
_aCRL _bhin _cCRL |
||
| 041 |
_ahin _2hin |
||
| 084 | _qCRL | ||
| 100 |
_aप्रेमपाल सिंह / Prempal Singh _9942260 |
||
| 245 | 0 | _aवैदिक सभ्यता: समाज, संस्कृति एवं साहित्य / Vedic Sabhyata: Samaj, Sanskriti aur Sahitya | |
| 260 |
_bभाषा प्रकाशन / Bhasha Prakashan _c2021 |
||
| 856 | _uhttps://bhashaprakashan.com/product-details/379022 | ||
| 942 | _cEBOOK | ||
| 999 |
_c1533925 _d1533925 |
||